000 00551nam a2200193Ia 4500
005 20250326145446.0
008 250326s9999 xx 000 0 und d
037 _aTextbook
040 _aFMSL
_beng
_cFMSL
041 _aeng
_2eng
084 _qFMSL
100 _aBlunch N J
_9751156
245 0 _aIntroduction to structural equation modeling using IBM SPSS statistics and EQS
_cBlunch N J
260 _aUnited Kingdom
_bUnited Kingdom, Sage
_c2016
365 _b2886.54
650 _aManagement
942 _cTB
999 _c1307649
_d1307649